Europe & The architect /

Bibliographic Details
Main Author: Greig, David
Format: Book
Language:English
Published: London : Methuen Drama, 1996.
Series:Methuen world classics.

MARC

Tag First Indicator Second Indicator Subfields
LEADER 00000cam a2200000 a 4500
001 in00001331908
005 20151006051147.0
008 970203s1996 enk 000 0 eng d
020 |a 0413708802 
035 |a (OCoLC)36312868 
035 |9 AHF3791AM 
040 |a EZC  |c EZC  |d UtOrBLW 
049 |a TXAM 
090 |a PR6057.R48  |b E97 1996 
100 1 |a Greig, David. 
245 1 0 |a Europe & The architect /  |c David Greig. 
246 3 |a Europe ; The architect 
246 3 |a Europe and the architect 
264 1 |a London :  |b Methuen Drama,  |c 1996. 
300 |a 195 pages ;  |c 20 cm. 
336 |a text  |b txt  |2 rdacontent 
337 |a unmediated  |b n  |2 rdamedia 
338 |a volume  |b nc  |2 rdacarrier 
490 1 |a Methuen world classics 
740 0 2 |a Architect. 
830 0 |a Methuen world classics. 
999 |a MARS 
999 f f |s 136c2519-3c6b-3b54-b69a-6085b04bbb25  |i 74d9ce52-d405-3d46-88f5-489857fee9cb  |t 0 
952 f f |p ric  |a Texas A&M University  |b Rellis Campus  |c Joint Library Facility  |d Remote Storage  |t 0  |e PR6057.R48 E97 1996  |h Library of Congress classification  |i unmediated -- volume  |m A14821329076 
998 f f |a PR6057.R48 E97 1996  |t 0  |l Remote Storage